Welcome to the Holygrace Academy Library

Please use search bar below to get started

MEERASADHU (Record no. 8734)

MARC details
000 -LEADER
fixed length control field 00322nam a22001457a 4500
020 ## - INTERNATIONAL STANDARD BOOK NUMBER
ISBN 978-93-5282-158-7
082 ## - DEWEY DECIMAL CLASSIFICATION NUMBER
Classification number 894.812.3
Item number MEE/M
100 ## - MAIN ENTRY--AUTHOR NAME
Personal name MEERA, K R
245 ## - TITLE STATEMENT
Title MEERASADHU
246 ## - VARYING FORM OF TITLE
Title proper/short title MEERASADHU
Remainder of title MEERASADHU
260 ## - PUBLICATION, DISTRIBUTION, ETC. (IMPRINT)
Place of publication INDIA
Name of publisher D C BOOKS
Year of publication 2023
300 ## - PHYSICAL DESCRIPTION
Number of Pages 72
650 ## - SUBJECT ADDED ENTRY--TOPICAL TERM
Topical Term MALAYALAM NOVEL
942 ## - ADDED ENTRY ELEMENTS (KOHA)
Koha item type Books
Holdings
Withdrawn status Lost status Collection code Home library Current library Shelving location Date acquired Source of acquisition Cost, normal purchase price Full call number Accession Number Koha item type
    Fiction Main Library Main Library NEW SHELF WITH NEW ENTRY 27/09/2023 PURCHASED 125.00 894.812.3 MEE/M 12851 Books